000 00505cam a22002051 4500
001 sa 64008657
003 DLC
005 20260227112055.0
008 881102s1958 xx 000 0 hino
010 _asa 64008657
035 _a(OCoLC)23553445
040 _aDLC
_cMiU
_dDLC
042 _apremarc
050 0 0 _aPK2098.D395
_bS3
100 1 _aDevaraja, N. K.
_q(Nand Kishore),
_d1917-
245 1 0 _aSāhitya aura saṃskṛti.
260 _c1958.
300 _a153 p.
_c23 cm.
500 _aRomanized.
999 _c60945
_d60945